Účtovná závierka ako zdroj informácií pre finančnú analýzu diplomová práca

Saved in:
Bibliographic Details
Main Author: Palková, Gabriela
Corporate Author: Fakulta hospodárskej informatiky EU. Katedra účtovníctva a audítorstva
Other Authors: Szászová, Renáta
Format: Book
Language:Slovak
Published: Bratislava 2010
Tags: Add Tag
No Tags, Be the first to tag this record!

MARC

LEADER 00000nbm a2200000 4500
001 0162437
005 20170315090435.6
041 0 |a slo 
044 |a SK 
245 1 0 |a Účtovná závierka ako zdroj informácií pre finančnú analýzu  |b diplomová práca  |c Gabriela Palková ; školiteľ: Renáta Szászová 
264 1 |a Bratislava  |c 2010 
300 |a 82 s. 
100 1 |a Palková, Gabriela 
700 1 |a Szászová, Renáta 
710 2 |a Fakulta hospodárskej informatiky EU. Katedra účtovníctva a audítorstva